| 000 | 00595nam a2200241Ia 4500 | ||
|---|---|---|---|
| 003 | OSt | ||
| 005 | 20220912144340.0 | ||
| 006 | a|||||r|||| 00| 0 | ||
| 007 | ta | ||
| 008 | 220909b |||||||| |||| 00| 0 eng d | ||
| 020 | _aSL0938142 | ||
| 024 | _a196073 | ||
| 037 | _cTextual | ||
| 040 |
_aCSL _beng _cCSL |
||
| 041 | _aeng | ||
| 082 | _aI, L7.1;1 | ||
| 100 | _aPandey S.N; Trivedi P.S | ||
| 245 | 0 | _aTextbook of botany | |
| 500 | _aReprint 1985. | ||
| 700 | _aPandey S.N; Trivedi P.S | ||
| 942 |
_hI, L7.1;1 _cTEXL _2CC |
||
| 999 |
_c5716 _d5716 |
||